000 00582cam a22002053a 4500
001 35608
003 PGUSA
005 20140828083751.0
008 110821s2011||||xxu|||||s|||||000 | eng d
040 _aPGUSA
_beng
042 _adc
100 1 _aDawson, W. J.
_q(William James),
_d1854-1928
245 1 0 _aMasterman and Son
_h[electronic resource] /
_cW. J. Dawson
260 _bProject Gutenberg,
_c2011
506 _aPublic domain in the USA.
516 _aElectronic text
830 0 _aProject Gutenberg
_v35608
856 4 0 _uhttp://www.gutenberg.org/ebooks/35608
942 _cEB
999 _c264863
_d264863